000 00614nam a2200181 a 4500
001 000033199
005 20200930070107.0
008 110822s1988 dr a r 000 p spa d
040 _aDO-SdBNP
_bspa
_cBNPHU
082 _aRD861.44
_bC957m
100 1 _aCruz, Josefina de la
_922955
245 1 4 _aGineceo :
_bpoemas ; Las manos infinitas : poemas /
_cJosefina de la Cruz.
260 _aSanto Domingo :
_bTele-3,
_c1988.
300 _a50, 39 p. :
_bil. ;
_c21 cm.
500 _aDos obras publicadas juntas con paginación invertida
590 _aInventariado, 2018/BT
910 _aValidado. Control de calidad. MMOLINA
999 _c32690
_d32690